Obras completas. (Record no. 189906)

MARC details
000 -LEADER
campo de control de longitud fija 01175nam a2200301 i 4500
001 - NÚMERO DE CONTROL
campo de control 189906
003 - IDENTIFICADOR DE NÚMERO DE CONTROL
campo de control SpMaBN
005 - FECHA Y HORA DE LA ÚLTIMA TRANSACCIÓN
campo de control 20250911063610.0
008 - DATOS DE LONGITUD FIJA--INFORMACIÓN GENERAL
campo de control de longitud fija 191226s2004 sp |||| | spa d
020 ## - NÚMERO INTERNACIONAL ESTÁNDAR DEL LIBRO
Número Internacional Estándar del Libro 84-9773-153-0
080 ## - NÚMERO DE LA CLASIFICACIÓN DECIMAL UNIVERSAL
Número de la Clasificación Decimal Universal 224.06
100 1# - ENTRADA PRINCIPAL--NOMBRE DE PERSONA
Nombre de persona Grajar, Gaspar de,
Fechas asociadas al nombre 1530-1575
9 (RLIN) 169249
245 10 - MENCIÓN DEL TÍTULO
Título Obras completas.
Número de parte o sección de la obra II /
Mención de responsabilidad, etc. Gaspar de Grajar ; introducción, edición crítica, versión española y notas de Crescencio Miguélez Baños.
260 ## - PUBLICACIÓN, DISTRIBUCIÓN, ETC.
Lugar de publicación, distribución, etc. [Valladolid] :
Nombre del editor, distribuidor, etc. Consejería de Eduación y Cultura ;
Lugar de publicación, distribución, etc. [León] :
Nombre del editor, distribuidor, etc. Universidad de León,
Fecha de publicación, distribución, etc. 2004.
300 ## - DESCRIPCIÓN FÍSICA
Extensión 1 v. (734 p.) ;
Dimensiones 25 cm.
490 1# - MENCIÓN DE SERIE
Mención de serie Humanistas españoles ;
Designación de volumen o secuencia 30
500 ## - NOTA GENERAL
Nota general Apéndice documental.
500 ## - NOTA GENERAL
Nota general Índices.
504 ## - NOTA DE BIBLIOGRAFÍA, ETC.
Nota de bibliografía, etc. Referencias bibliográficas.
505 8# - NOTA DE CONTENIDO CON FORMATO
Nota de contenido con formato Contiene: V. 2
546 ## - NOTA DE IDIOMA
Nota de lengua/lenguaje Textos en latín y traducción en español.
630 07 - PUNTO DE ACCESO ADICIONAL DE MATERIA--TÍTULO UNIFORME
Título uniforme Biblia.
Nombre de parte o sección de la obra A.T.
-- Libros proféticos-
Subdivisión general Crítica e interpretación.
9 (RLIN) 169251
700 1# - ENTRADA AGREGADA--NOMBRE PERSONAL
Nombre de persona Miguélez Baños, Crescencio (
Fechas asociadas al nombre 1940-)
9 (RLIN) 169250
710 2# - ENTRADA AGREGADA--NOMBRE DE ENTIDAD CORPORATIVA
Nombre de entidad corporativa o nombre de jurisdicción como elemento de entrada Universidad de León.
9 (RLIN) 7200
830 0# - PUNTO DE ACCESO ADICIONAL DE SERIE-TÍTULO UNIFORME
Título uniforme Humanistas españoles ;
Designación de volumen o secuencia 30
9 (RLIN) 184216
852 ## - LOCALIZACIÓN
Ubicación ES-MaACL
Número de control de estantería L-32490
Nota libre - Enc. tela
Holdings
Estatus retirado Estado de pérdida Estado de daño No para préstamo Biblioteca de origen Biblioteca actual Ubicación en estantería Fecha de adquisición Fuente de adquisición Total de préstamos Signatura topográfica completa Código de barras Visto por última vez Precio de reemplazo Tipo de ítem Koha
        Biblioteca del Ateneo de Madrid Biblioteca del Ateneo de Madrid Depósito 2 26/12/2019     L-32490 1201440 23/02/2023 23/02/2023 Libro impreso